000 01024cam a2200289 i 4500
001 52813
003 Mx-PuUPA
005 20221207095857.0
008 140415s2005 mx d gr 000 0 spa d
020 _a9709720090
040 _aMx-PuUPA
_bspa
_cMx-PuUPA
_dMx-PuUPA
_erda
041 0 _aspa
100 1 _aMartínez Aurioles, Bernardo,
_eautor
_92083
245 1 0 _aCómo organizar un trabajo de investigación /
_cBernardo Martínez Aurioles, Eduardo Almeida Acosta.
250 _aSegunda edición
264 1 _aPuebla, México :
_bUniversidad Iberoamerica Puebla,
_c2005
300 _a54 páginas ;
_c23 cm
336 _atexto
_2rdacontent
_btxt
337 _asin medio
_2rdamedia
_bn
338 _avolumen
_2rdacarrier
_bnc
650 7 _aInvestigación
_vMétodos
_vManuales
_2armarc
650 7 _aInvestigación
_xEstudio y enseñanza
_vMétodos
_2armarc
700 1 _aAlmeida Acosta, F. H. Eduardo,
_eautor
_92084
942 _2ddc
_cLI
_h001.42
_iM298
999 _c52813
_d52813